00874nam a2200217 a 450000100100000000500170001000800410002704000250006804100380009308200180013110000220014924000640017124501050023526000430034030000280038350400740041153400740048565000430055970000200060270000340062200002329520200930022123.0101201s1969 mx a 000 0 spa d aDO-SdBNPbspacBNPHU17aspaheng2Código de idioma MARC a338.54bN333e1 aNaylon, Thomas H.10aMicroeconomics and decision models of the firm.lEspañol.10aEconomía de la empresa /cThomas H. Naylon, John M. Vernon ; traducción, Mauricio Kitaigorodzki. aMéxico :bAmorrortu editores,c1969. a506 p. :bil. ;c23 cm. aIncluye referencias bibliográficas y notas al pie de las páginas. pTítulo en inglés:tMicroeconomics and decision models of the firm 4aMicroeconomíaxModelos matemáticos1 aVernon, John M.1 aKitaigorodzki, Mauricio,etr.